000 00670cab a2200241 4500
001 WB2630-13
008 090401t1990 xxu||||| |||| 00| 0 eng d
035 _a(Sirsi) u29054
041 _aeng
245 _aWorkplace in the home
260 _c1990
350 _a0
490 _aFinancial Times
_v28/7/90 pVIII
520 _aA poll carried out by CALA homes found that the greatest attaction for home buyers in ten years would be a home office .
650 _aCOMPUTERS
650 _aHOME OWNERSHIP
650 _aPREFERENCES
650 _aTELECOMMUTING
650 _aWORKING AT HOME
690 _aECONOMIC AND SOCIAL
942 _n0
948 _c04/03/1997
999 _c19556
_d19556